<?xml version="1.0" encoding="UTF-8"?><marc:collection xmlns:marc="http://www.loc.gov/MARC21/slim">
  <marc:record>
    <marc:leader>00000cas  2200000za 4500</marc:leader>
    <marc:controlfield tag="001">9.503609</marc:controlfield>
    <marc:controlfield tag="003">CaOODSP</marc:controlfield>
    <marc:controlfield tag="005">20260505143525</marc:controlfield>
    <marc:controlfield tag="007">cr |||||||||||</marc:controlfield>
    <marc:controlfield tag="008">150406c20099999onc x p o    f0   b0fre| </marc:controlfield>
    <marc:datafield tag="040" ind1=" " ind2=" ">
      <marc:subfield code="a">CaOODSP</marc:subfield>
      <marc:subfield code="b">fre</marc:subfield>
    </marc:datafield>
    <marc:datafield tag="043" ind1=" " ind2=" ">
      <marc:subfield code="a">n-cn---</marc:subfield>
    </marc:datafield>
    <marc:datafield tag="086" ind1="1" ind2=" ">
      <marc:subfield code="a">XC67-1/2F-PDF</marc:subfield>
    </marc:datafield>
    <marc:datafield tag="110" ind1="1" ind2=" ">
      <marc:subfield code="a">Canada. </marc:subfield>
      <marc:subfield code="b">Parlement. </marc:subfield>
      <marc:subfield code="b">Chambre des communes. </marc:subfield>
      <marc:subfield code="b">Comité permanent des ressources humaines, du développement des compétences, du développement social et de la condition des personnes handicapées.</marc:subfield>
    </marc:datafield>
    <marc:datafield tag="245" ind1="1" ind2="0">
      <marc:subfield code="a">Témoignages </marc:subfield>
      <marc:subfield code="h">[ressource électronique] / </marc:subfield>
      <marc:subfield code="c">Comité permanent des ressources humaines, du développement des compétences, du développement social et de la condition des personnes handicapées.</marc:subfield>
    </marc:datafield>
    <marc:datafield tag="260" ind1=" " ind2=" ">
      <marc:subfield code="a">[Ottawa] : </marc:subfield>
      <marc:subfield code="b">Comité permanent des ressources humaines, du développement des compétences, du développement social et de la condition des personnes handicapées, </marc:subfield>
      <marc:subfield code="c">2009-</marc:subfield>
    </marc:datafield>
    <marc:datafield tag="310" ind1=" " ind2=" ">
      <marc:subfield code="a">Irrégulier</marc:subfield>
    </marc:datafield>
    <marc:datafield tag="362" ind1="0" ind2=" ">
      <marc:subfield code="a">41e législature, 2e session, HUMA no. 1 (5 février 2009)-</marc:subfield>
    </marc:datafield>
    <marc:datafield tag="500" ind1=" " ind2=" ">
      <marc:subfield code="a">Publ. aussi en anglais sous le titre : Evidence / Standing Committee on Human Resources, Skills and Social Development and the Status of Persons with Disabilities.</marc:subfield>
    </marc:datafield>
    <marc:datafield tag="500" ind1=" " ind2=" ">
      <marc:subfield code="a">Titre de la couv.</marc:subfield>
    </marc:datafield>
    <marc:datafield tag="515" ind1=" " ind2=" ">
      <marc:subfield code="a">La numérotation reprend à chaque session avec no 1.</marc:subfield>
    </marc:datafield>
    <marc:datafield tag="515" ind1=" " ind2=" ">
      <marc:subfield code="a">Les livr. ne sont pas publ. lorsque les séances sont à huis clos.</marc:subfield>
    </marc:datafield>
    <marc:datafield tag="692" ind1="0" ind2="7">
      <marc:subfield code="2">gccst</marc:subfield>
      <marc:subfield code="a">Ressources humaines</marc:subfield>
    </marc:datafield>
    <marc:datafield tag="692" ind1="0" ind2="7">
      <marc:subfield code="2">gccst</marc:subfield>
      <marc:subfield code="a">Personne handicapée</marc:subfield>
    </marc:datafield>
    <marc:datafield tag="692" ind1="0" ind2="7">
      <marc:subfield code="2">gccst</marc:subfield>
      <marc:subfield code="a">Développement social</marc:subfield>
    </marc:datafield>
    <marc:datafield tag="775" ind1="0" ind2="8">
      <marc:subfield code="t">Evidence </marc:subfield>
      <marc:subfield code="w">(CaOODSP)9.507220</marc:subfield>
    </marc:datafield>
  </marc:record>
</marc:collection>
